| 000 | 00573nam a2200229Ia 4500 | ||
|---|---|---|---|
| 003 | OSt | ||
| 005 | 20220918173751.0 | ||
| 006 | a|||||r|||| 00| 0 | ||
| 007 | ta | ||
| 008 | 220917b |||||||| |||| 00| 0 eng d | ||
| 024 | _a8,245 | ||
| 037 | _cTextual | ||
| 040 |
_aARTS _cARTS _beng |
||
| 041 |
_2eng _aeng |
||
| 082 | _a236, J8 (2D) | ||
| 100 |
_aKeys Thomas E. _947385 |
||
| 245 | 0 | _aApplied medical library practice | |
| 260 | _c1958 | ||
| 650 | _aLIBRARY SCIENCE | ||
| 942 |
_h236, J8 (2D) _cTEXL _2CC |
||
| 999 |
_c150035 _d150035 |
||